000 00355nam a2200169Ia 4500
100 _aBhasker/W/W./ Prabhu/N/S.
650 _aEnglish
490 _v1
942 _cBK
654 _aEnglish.
245 _aEnglish through reading
260 _bMacmillan India Ltd.
_aDelhi
_c1980
082 _a428
300 _a89
546 _aENGLISH
999 _c34216
_d34216